Vidas de los sofistas.

Salvato in:
Dettagli Bibliografici
Autore principale: Filóstrato, Flavio (autor)
Altri autori: Giner Soria, María Concepción (introducción, traducción, notas)
Natura: Libro
Lingua:spagnolo
Pubblicazione: Madrid, España: Gredos, 1982.
Serie:Biblioteca Clásica Gredos, 55.
Soggetti:
Tags: Aggiungi Tag
Nessun Tag, puoi essere il primo ad aggiungerne!!

MARC

LEADER 00000nam a2200000 a 4500
001 UCV7716
003 CL-VaPUC
005 20220822114321.0
008 890620e19820000SP |||||||||||||||||spa|d
999 |c 213355  |d 213353 
020 |a 84-249-0854-6 
040 |c Pontificia Universidad Católica de Valparaíso 
082 0 4 |a 183.1 FIL 1982   |2 21 
100 0 |a Filóstrato, Flavio  |e autor  |9 301853 
245 1 0 |a Vidas de los sofistas. 
260 |a Madrid, España:  |b Gredos,   |c 1982.  
300 |a 262 páginas.  
490 0 |a Biblioteca Clásica Gredos, 55. 
500 |a c.4 Donación Familia Prof. Alejandro Guzmán Brito. 
583 |a last modification  |c 19890620 00:00:00  |k Rodrigo Vera 
650 0 |a Sofistas  |2 CL-VaPUC  |9 753392 
700 1 |a Giner Soria, María Concepción  |e introducción  |e traducción   |e notas  |9 864415 
942 |c BK  |2 ddc  |n 0 
945 |d 19890620 00:00:00 
952 |0 0  |1 0  |4 0  |6 183_100000000000000_FIL_1982  |7 0  |8 R  |9 195666  |a BIBEDU  |b BIBEDU  |c MCIRC  |d 2019-11-14  |i 2636751  |l 3  |o 183.1 FIL 1982  |p 2636751  |r 2024-04-01  |s 2024-03-28  |w 2019-11-14  |y BK_R  |k FIL 
952 |0 0  |1 1  |4 0  |6 183_100000000000000_FIL_1982  |7 0  |8 P  |9 195667  |a BIBARQ  |b BIBARQ  |d 2019-11-14  |i 263676K  |o 183.1 FIL 1982  |p 263676K  |r 2019-11-14  |w 2019-11-14  |x Retirado en Inventario 2023  |y BK  |k ARQ 
952 |0 0  |1 0  |4 0  |6 183_100000000000000_FIL_1982  |7 0  |8 X  |9 195668  |a BIBHIS  |b BIBHIS  |d 2019-11-14  |i 1366742  |o 183.1 FIL 1982  |p 1366742  |r 2024-01-30  |w 2019-11-14  |y BK_X  |k HIS 
952 |0 0  |1 0  |2 ddc  |4 0  |6 183_100000000000000_FIL_1982  |7 1  |8 C_AGB  |9 580118  |a BIBDER  |b BIBDER  |d 2022-01-05  |e Donación   |i 5634911   |o 183.1 FIL 1982  |p 5634911  |r 2023-01-25  |t 4  |w 2022-01-05  |y BK_US  |k AGB